The golden stair & other poems, (Record no. 84403)

MARC details
000 -LEADER
fixed length control field 00542cam a2200205 4500
001 - CONTROL NUMBER
control field sa 68012231
003 - CONTROL NUMBER IDENTIFIER
control field DLC
005 - DATE AND TIME OF LATEST TRANSACTION
control field 20260227112608.0
008 - FIXED-LENGTH DATA ELEMENTS--GENERAL INFORMATION
fixed length control field 691009s1967 ii 000 0 eng
010 ## - LIBRARY OF CONGRESS CONTROL NUMBER
LC control number sa 68012231
025 ## - OVERSEAS ACQUISITION NUMBER
Overseas acquisition number PL480:I-E-9098
040 ## - CATALOGING SOURCE
Original cataloging agency DLC
Transcribing agency DLC
Modifying agency DLC
050 00 - LIBRARY OF CONGRESS CALL NUMBER
Classification number PR6053.H46
Item number G6
082 00 - DEWEY DECIMAL CLASSIFICATION NUMBER
Classification number 821
100 1# - MAIN ENTRY--PERSONAL NAME
Personal name Chettur, S. K.,
Dates associated with a name 1905-1972.
245 14 - TITLE STATEMENT
Title The golden stair & other poems,
Statement of responsibility, etc. by S. K. Chettur.
260 ## - PUBLICATION, DISTRIBUTION, ETC.
Place of publication, distribution, etc. Madras;
Name of publisher, distributor, etc. distributors: Higginbothams
Date of publication, distribution, etc. [1967]
300 ## - PHYSICAL DESCRIPTION
Extent 70 p.
Dimensions 23 cm.
350 ## - PRICE (NR) (BK AM CF MU VM SE) [OBSOLETE]
Price 5.00

No items available.

Powered by Koha